| 000 | 00681nam a2200205Ia 4500 | ||
|---|---|---|---|
| 003 | OSt | ||
| 005 | 20230519081131.0 | ||
| 008 | 210423s2001 xx 000 0 und d | ||
| 040 | _cAL | ||
| 041 | _aeng | ||
| 082 |
_a338.9 _223 _bKAMU |
||
| 100 |
_aKAMALA (M K) _9109257 |
||
| 245 | _aU N Development co operation and the third world: study with special reference to the UNDP and india | ||
| 260 |
_aNew Delhi _bManak Publications _c2001 |
||
| 365 |
_b415 _cINR |
||
| 650 |
_aEconomics _9109258 |
||
| 650 |
_aEconomics of Development _9109259 |
||
| 906 | _aco ; Development ; india ; N ; operation ; reference ; special ; study ; third ; U ; UNDP ; world: | ||
| 942 |
_2ddc _cBK |
||
| 999 |
_c172519 _d172519 |
||